Gaudí.1852-1926 : Antoni Gaudí i Cornet - ein Leben in der Architektur
Guardado en:
| Autor principal: | |
|---|---|
| Formato: | Libro |
| Lenguaje: | alemán |
| Publicado: |
Koln :
Taschen,
1991
|
| Edición: | 1. vyd. |
| Materias: | |
| Etiquetas: |
Sin Etiquetas, Sea el primero en etiquetar este registro!
|
MARC
| LEADER | 00000nam a22000003a 4500 | ||
|---|---|---|---|
| 001 | stu11200 | ||
| 005 | 20150617225801.9 | ||
| 008 | 950307s1991----gw------------------ger-d | ||
| 020 | |a 3822800678 | ||
| 040 | |a STU |b slo | ||
| 041 | 0 | |a ger | |
| 044 | |a gw | ||
| 100 | 1 | |a Zerbst, Rainer |4 aut | |
| 245 | 1 | |a Gaudí.1852-1926 : |b Antoni Gaudí i Cornet - ein Leben in der Architektur | |
| 250 | |a 1. vyd. | ||
| 260 | |a Koln : |b Taschen, |c 1991 | ||
| 300 | |a 239 s | ||
| 650 | 7 | |a architekti európski |2 stusub | |
| 996 | |b 284AU00778 |c A*1848 U |l AAKNAR |s A |a 24 |w stu11200_0001 | ||